00349nam a2200121Ia 4500003000400000008004100004040001600045082001700061245004700078260008600125300001100211490000500222GCL140319s9999 xx 000 0 ara d aGCL / cGCL04a250.9bع ت10aتاريخ التشريع الاسلامى a[S.N] : bالجامعة العلمية للعلوم الاسلامية ، c1992 a476 ص a